Sensitivity and optimization /

Guardat en:
Dades bibliogràfiques
Autor principal: Brayton, Robert K. (Robert King)
Altres autors: Spence, Robert, 1933-
Format: Llibre
Idioma:English
Publicat: Amsterdam ; New York : New York : Elsevier Scientific Pub. Co. ; distributors for the U.S. and Canada, Elsevier North-Holland, 1980.
Col·lecció:Computer-aided design of electronic circuits ; v. 2
Matèries:
LEADER 01187cam a2200289 a 4500
001 c000270114
003 CARM
005 20070830192218.0
008 800829s1980 ne a b 001 0 eng
010 |a 80021956 
019 1 |a 1793841  |5 LACONCORD2021 
020 |a 0444419292 
035 |a (OCoLC)6735434  |5 LACONCORD2021 
040 |a LC  |b eng  |c LC  |d LC 
050 0 0 |a TK7867  |b .B69 
082 0 4 |a 621.3815/3  |2 19 
100 1 |a Brayton, Robert K.  |q (Robert King) 
245 1 0 |a Sensitivity and optimization /  |c Robert K. Brayton, Robert Spence. 
260 |a Amsterdam ;  |a New York :  |b Elsevier Scientific Pub. Co. ;  |a New York :  |b distributors for the U.S. and Canada, Elsevier North-Holland,  |c 1980. 
300 |a xii, 368 p. :  |b ill. ;  |c 25 cm. 
440 0 |a Computer-aided design of electronic circuits ;  |v v. 2 
504 |a Includes bibliographies and indexes. 
650 0 |a Electronic circuit design  |x Data processing. 
700 1 |a Spence, Robert,  |d 1933- 
852 8 |b CARM  |h A1:AN11E0  |i C09704  |p 0391201  |f BK 
999 f f |i 7dac10da-5f82-59b4-ac07-b82b702f729b  |s 64cff9c8-9ce0-56bc-acae-865f163bbd0f 
952 f f |p Can circulate  |a CAVAL  |b CAVAL  |c CAVAL  |d CARM 1 Store  |e C09704  |f A1:AN11E0  |h Other scheme  |i book  |m 0391201